000
00438nam a2200169Ia 4500
008
090123s9999 xx 000 0 und d
082
_b
7852
_a
891.463/बोरक
100
_a
बोरकर वि.ज.
245
_a
जिराफ
250
_a
1
300
_a
180
600
_a
बोरकर वि.ज.
630
_a
जिराफ
700
_a
बोरकर वि.ज.
730
_a
जिराफ
942
_c
BOOK
999
_c
45918
_d
45918